00683nam a2200157 a 450000100100000000500170001000800410002704000250006811001080009324501180020126000540031930000200037304900090039395201060040299900170050800003155120200930063017.0110627s1981 dr 000 0 spa d aDO-SdBNPbspacBNPHU1 aRepública DominicanabHermandad de Pensionados de las Fuerzas Armadas y de la Policia Nacional95791010aEstatutos de la hermandad de pensionados de las Fuerzas Armadas y de la Policia Nacional, con sus modificaciones. aSanto Domingo :bHermandad de Pensionados,c1981. a16 P. ;c22 cm. aBNPD 00107-18PDaPDbPDcOId2011-06-27iLF1l0o p31551-10r2020-06-25w2020-06-25yLFPDZNo se presta c31043d31043